00346nam a22001217a 4500008004100000020001500041040001500056050002700071100001800098245006600116300002700182650001500209190706b xxu||||| |||| 00| 0 eng d a9352606320 aKABUcKABU aHF5635b.W55 2017 c. 1 aWild, John J. aFinancial accountingbinformation for decisionscJohn J. Wild a1 v. (various pagings) aAccounting